NFL Teams Active All-Time Receiving Leader - Statistics

General Stats
  • This quiz has been taken 117 times
    116 since last reset
  • The average score is 22 of 32
Answer Stats
Team Yards Player % Correct
Buccaneers 12,684 Mike Evans
99%
Dolphins 4,468 Tyreek Hill
97%
Lions 4,851 Amon-Ra St. Brown
95%
Bengals 5,425 Ja'Marr Chase
95%
Vikings 7,432 Justin Jefferson
95%
Cowboys 6,339 Ceedee Lamb
93%
Rams 7,776 Cooper Kupp
93%
Seahawks 8,594 Tyler Lockett
92%
Chiefs 12,151 Travis Kelce
91%
49ers 7,380 George Kittle
88%
Ravens 5,530 Mark Andrews
87%
Commanders 6,379 Terry McLaurin
86%
Broncos 5,340 Courtland Sutton
85%
Jets 3,249 Garrett Wilson
75%
Texans 3,230 Nico Collins
75%
Colts 4,470 Michael Pittman Jr.
74%
Falcons 3,042 Drake London
71%
Steelers 2,841 George Pickens
70%
Panthers 1,629 Adam Thielen
66%
Eagles 4,085 Dallas Goedert
64%
Browns 3,769 David Njoku
58%
Raiders 1,834 Jakobi Meyers
55%
Bears 2,592 Cole Kmet
52%
Saints 4,762 Alvin Kamara
48%
Giants 3,897 Darius Slayton
48%
Bills 2,277 Dawson Knox
47%
Packers 1,700 Romeo Doubs
47%
Jaguars 2,274 Christian Kirk
44%
Patriots 2,205 Hunter Henry
43%
Cardinals 2,236 Trey McBride
43%
Chargers 2,287 Joshua Palmer
29%
Titans 1,773 Nick Westbrook-Ikhine
11%
No matching quizzes found
Score Distribution
Percent of People with Each Score
Percentile by Number Answered
Your Score History
You have not taken this quiz since the last reset